Vật lý laser và ứng dụng
Сохранить в:
| Главный автор: | |
|---|---|
| Формат: | |
| Язык: | Undetermined |
| Опубликовано: |
Hà Nội
Đại học Quốc gia Hà Nội
2004
|
| Предметы: | |
| Метки: |
Добавить метку
Нет меток, Требуется 1-ая метка записи!
|
| Thư viện lưu trữ: | Trung tâm Học liệu Trường Đại học Cần Thơ |
|---|
| LEADER | 00625nam a2200217Ia 4500 | ||
|---|---|---|---|
| 001 | CTU_104345 | ||
| 008 | 210402s9999 xx 000 0 und d | ||
| 020 | |c 23000 | ||
| 082 | |a 621.366 | ||
| 082 | |b H407 | ||
| 100 | |a Đinh, Văn Hoàng | ||
| 245 | 0 | |a Vật lý laser và ứng dụng | |
| 245 | 0 | |c Đinh Văn Hoàng, Trịnh Đình Chiến | |
| 260 | |a Hà Nội | ||
| 260 | |b Đại học Quốc gia Hà Nội | ||
| 260 | |c 2004 | ||
| 526 | |a Vật lý laser | ||
| 526 | |b SG257 | ||
| 650 | |a Laser spectroscopy | ||
| 904 | |i Minh | ||
| 980 | |a Trung tâm Học liệu Trường Đại học Cần Thơ | ||